[Event "Mittelfranken-chTB2a 1819"]
[Site "Mittelfranken"]
[Date "2019.03.31"]
[Round "8.6"]
[White "Mueller, Dieter"]
[Black "Classen, Anton"]
[Result "1/2-1/2"]
[WhiteElo "1592"]
[BlackElo "1796"]
[PlyCount "148"]
[EventDate "2018.10.14"]
[EventType "team-tourn"]
[EventRounds "9"]
[EventCountry "GER"]
[SourceTitle "EXT 2022"]
[Source "ChessBase"]
[SourceDate "2021.10.06"]
[SourceVersion "1"]
[SourceVersionDate "2021.10.06"]
[SourceQuality "1"]
[WhiteTeam "Dinkelsbuehl"]
[BlackTeam "Buechenbach/Roth II"]
[WhiteTeamCountry "GER"]
[BlackTeamCountry "GER"]

1. d4 d5 2. c4 e6 3. cxd5 exd5 4. Nc3 Nf6 5. Bg5 Be7 6. e3 c6 7. Bd3 0-0 8. Qc2 h6 9. h4 Re8 10. Bxf6 Bxf6 11. Nf3 Bg4 12. 0-0-0 Nd7 13. Rdg1 b5 14. Nh2 Be6 15. Nf3 Qb6 16. g4 b4 17. Na4 Qb7 18. g5 hxg5 19. hxg5 Bd8 20. b3 Rc8 21. Kd2 Bb6 22. Rh4 c5 23. Rgh1 Kf8 24. Rh8+ Ke7 25. Rxe8+ Kxe8 26. Rh8+ Ke7 27. Rxc8 Qxc8 28. dxc5 Bxc5 29. Bb5 Kd6 30. Nd4 Nb6 31. Nxc5 Qxc5 32. Qxc5+ Kxc5 33. Bd3 Nc8 34. g6 Nd6 35. gxf7 Bxf7 36. Nf5 Nxf5 37. Bxf5 g5 38. f3 a5 39. Kd3 Bh5 40. Ke2 d4 41. e4 Bf7 42. Bd7 Kd6 43. Bb5 Ke5 44. Bc4 Bh5 45. Kf2 Kf4 46. Be2 Bf7 47. Bc4 Bxc4 48. bxc4 a4 49. c5 b3 50. axb3 axb3 51. c6 b2 52. c7 b1Q 53. c8Q Qb2+ 54. Kg1 Kxf3 55. Qf5+ Ke3 56. Qxg5+ Kxe4 57. Qg4+ Kd3 58. Qf5+ Kd2 59. Qa5+ Kc1 60. Qe1+ Kc2 61. Qe2+ Kc3 62. Qe1+ Qd2 63. Qa1+ Kc2 64. Qa2+ Kd1 65. Qa1+ Ke2 66. Qf1+ Ke3 67. Qh3+ Ke4 68. Qe6+ Kd3 69. Qa6+ Kc3 70. Qa5+ Kd3 71. Qa3+ Kc2 72. Qa4+ Kb2 73. Qb5+ Ka2 74. Qc4+ Kb2 1/2-1/2

[Event "Mittelfranken-chTB2a 1819"]
[Site "Mittelfranken"]
[Date "2019.01.27"]
[Round "4.6"]
[White "Classen, Anton"]
[Black "Bachhuber, Dominik"]
[Result "1/2-1/2"]
[WhiteElo "1796"]
[BlackElo "1843"]
[PlyCount "30"]
[EventDate "2018.10.14"]
[EventType "team-tourn"]
[EventRounds "9"]
[EventCountry "GER"]
[SourceTitle "EXT 2022"]
[Source "ChessBase"]
[SourceDate "2021.10.06"]
[SourceVersion "1"]
[SourceVersionDate "2021.10.06"]
[SourceQuality "1"]
[WhiteTeam "Buechenbach/Roth II"]
[BlackTeam "Jaecklechemie SC"]
[WhiteTeamCountry "GER"]
[BlackTeamCountry "GER"]

1. e4 Nf6 2. Nc3 d5 3. exd5 Nxd5 4. Nxd5 Qxd5 5. Nf3 Bf5 6. c3 e5 7. d4 Nc6 8. Be3 Bd6 9. dxe5 Qxd1+ 10. Rxd1 Nxe5 11. Nxe5 Bxe5 12. Bc4 0-0 13. 0-0 Rad8 14. Bb3 Rd6 15. Bc5 Rxd1 1/2-1/2

[Event "Mittelfranken-chTB2b 1213"]
[Site "Germany"]
[Date "2013.03.10"]
[Round "9.4"]
[White "Reuter, Roland"]
[Black "Classen, Anton"]
[Result "1/2-1/2"]
[WhiteElo "1947"]
[BlackElo "1817"]
[PlyCount "81"]
[EventDate "2012.10.07"]
[EventType "team-tourn"]
[EventRounds "9"]
[EventCountry "GER"]
[SourceTitle "EXT 2019"]
[Source "ChessBase"]
[SourceDate "2018.10.10"]
[SourceVersion "1"]
[SourceVersionDate "2018.10.10"]
[SourceQuality "1"]
[WhiteTeam "Muehlhof/Schwabach"]
[BlackTeam "Buechenbach/Roth II"]
[WhiteTeamCountry "GER"]
[BlackTeamCountry "GER"]

1. d4 d5 2. c4 e6 3. Nc3 Nf6 4. Nf3 Nbd7 5. Bg5 c6 6. e3 dxc4 7. Bxc4 Be7 8. 0-0 0-0 9. Rc1 Nd5 10. Bxe7 Qxe7 11. Re1 Qb4 12. Bb3 Nxc3 13. Rxc3 Nf6 14. Qd3 Rd8 15. Rec1 Nd5 16. Rc5 g6 17. Qe4 Qb6 18. Qh4 Kg7 19. e4 Nf6 20. Qf4 Nh5 21. Qe3 Nf6 22. Ne5 Bd7 23. g4 Be8 24. h4 Qc7 25. Kh2 Qe7 26. Rh1 Ng8 27. h5 h6 28. Rc3 g5 29. Bc2 f6 30. Nf3 Rac8 31. Qd3 e5 32. d5 cxd5 33. Rxc8 Rxc8 34. exd5 Rd8 35. Rd1 Rd6 36. Qe4 Bf7 37. Kg3 Qd7 38. Ba4 b5 39. Bb3 Ne7 40. Bc2 Ng8 41. Bb3 1/2-1/2

[Event "Mittelfranken-chTB2b 1213"]
[Site "Germany"]
[Date "2012.10.07"]
[Round "6.4"]
[White "Sikorsky, Reinhard"]
[Black "Classen, Anton"]
[Result "1/2-1/2"]
[WhiteElo "1663"]
[BlackElo "1817"]
[PlyCount "44"]
[EventDate "2012.10.07"]
[EventType "team-tourn"]
[EventRounds "9"]
[EventCountry "GER"]
[SourceTitle "EXT 2019"]
[Source "ChessBase"]
[SourceDate "2018.10.10"]
[SourceVersion "1"]
[SourceVersionDate "2018.10.10"]
[SourceQuality "1"]
[WhiteTeam "Gunzenhausen/Weissenburg II"]
[BlackTeam "Buechenbach/Roth II"]
[WhiteTeamCountry "GER"]
[BlackTeamCountry "GER"]

1. e4 Nf6 2. Nc3 d5 3. exd5 Nxd5 4. Bc4 Nb6 5. Bb3 Nc6 6. Nf3 Bf5 7. d3 e6 8. h3 a5 9. Na4 Nd5 10. a3 Be7 11. Bd2 0-0 12. Bxd5 exd5 13. Nc3 Bf6 14. 0-0 Nd4 15. Nxd4 Bxd4 16. Qf3 Be6 17. Rab1 c6 18. Ne2 Be5 19. Rfe1 Bd6 20. Nd4 Bd7 21. Bf4 Qc7 22. Bxd6 Qxd6 1/2-1/2

[Event "Mittelfranken-chTB2b 1112"]
[Site "Germany"]
[Date "2012.03.11"]
[Round "8.2"]
[White "Gueldner, Udo"]
[Black "Classen, Anton"]
[Result "1-0"]
[WhiteElo "1897"]
[BlackElo "1817"]
[PlyCount "73"]
[EventDate "2011.09.25"]
[EventType "team-tourn"]
[EventRounds "9"]
[EventCountry "GER"]
[SourceTitle "EXT 2018"]
[Source "ChessBase"]
[SourceDate "2017.10.13"]
[SourceVersion "1"]
[SourceVersionDate "2017.10.13"]
[SourceQuality "1"]
[WhiteTeam "Forchheim III"]
[BlackTeam "Buechenbach/Roth II"]
[WhiteTeamCountry "GER"]
[BlackTeamCountry "GER"]

1. d4 d5 2. Nf3 Nf6 3. e3 e6 4. Bd3 c5 5. c3 Nc6 6. Nbd2 a6 7. 0-0 c4 8. Bc2 b5 9. a3 Bb7 10. Re1 Ne7 11. e4 dxe4 12. Nxe4 Ned5 13. Qe2 Nxe4 14. Bxe4 Be7 15. Ne5 Bf6 16. f4 Qe7 17. Bc2 g6 18. Bd2 Bg7 19. Nf3 0-0 20. f5 Rae8 21. fxe6 Qxe6 22. Qxe6 fxe6 23. Ne5 Bc8 24. a4 Bxe5 25. Rxe5 Bd7 26. Bh6 Rf7 27. axb5 axb5 28. Ree1 Ne7 29. g4 Nc6 30. b3 Rb8 31. bxc4 bxc4 32. Be4 Ne7 33. Reb1 Rc8 34. Ra7 Nc6 35. Raa1 Re7 36. Rf1 Nd8 37. Rf8# 1-0

[Event "Mittelfrankenliga-B2b 0708"]
[Site "Mittelfranken"]
[Date "2008.01.13"]
[Round "4.3"]
[White "Muenster, Manfred"]
[Black "Classen, Anton"]
[Result "1-0"]
[WhiteElo "1936"]
[BlackElo "1788"]
[PlyCount "71"]
[EventDate "2007.10.14"]
[EventType "team-tourn"]
[EventRounds "9"]
[EventCountry "GER"]
[SourceTitle "EXT 2011"]
[Source "ChessBase"]
[SourceDate "2010.11.26"]
[SourceVersion "1"]
[SourceVersionDate "2010.11.26"]
[SourceQuality "1"]
[WhiteTeam "Heilsbronn"]
[BlackTeam "Buechenbach/Roth II"]
[WhiteTeamCountry "GER"]
[BlackTeamCountry "GER"]

1. e4 Nf6 2. Nc3 d5 3. exd5 Nxd5 4. Bc4 e6 5. Nf3 c6 6. 0-0 Be7 7. Re1 0-0 8. a3 Bf6 9. Ne4 Nd7 10. d4 Be7 11. Bd3 N7f6 12. Ng3 b6 13. Ne5 c5 14. c4 Nc7 15. Nc6 Qd6 16. d5 Re8 17. Nxe7+ Rxe7 18. dxe6 Rxe6 19. Rxe6 Qxe6 20. Bf4 Qe7 21. Qf3 Rb8 22. Nh5 Bb7 23. Nxf6+ Qxf6 24. Qg3 Qc6 25. Bxc7 Rc8 26. Be5 f6 27. Bc3 Rd8 28. Be2 Qe6 29. Bf1 Ba6 30. Re1 Qf7 31. b3 h5 32. Qe3 Qg6 33. Qe6+ Kh8 34. Qe7 Rg8 35. Qxa7 Qc2 36. Qf7 1-0

[Event "Nuremberg LGA Cup 2nd"]
[Site "Nuremberg"]
[Date "2005.09.09"]
[Round "3.56"]
[White "Bildt, Thomas"]
[Black "Classen, Anton"]
[Result "0-1"]
[WhiteElo "2067"]
[BlackElo "1634"]
[PlyCount "83"]
[EventDate "2005.09.08"]
[EventType "swiss"]
[EventRounds "7"]
[EventCountry "GER"]
[SourceTitle "EXT 2022"]
[Source "ChessBase"]
[SourceDate "2021.10.06"]
[SourceVersion "1"]
[SourceVersionDate "2021.10.06"]
[SourceQuality "1"]

1. d4 d5 2. Nf3 e6 3. c4 c6 4. Bg5 Nf6 5. e3 Be7 6. Nc3 0-0 7. Rc1 Nbd7 8. Bd3 Re8 9. 0-0 Nf8 10. Ne5 N6d7 11. Bxe7 Qxe7 12. f4 Ng6 13. Qh5 Nf6 14. Qg5 dxc4 15. Bxc4 Nd5 16. Qg3 Rd8 17. Ne4 Nb6 18. Bd3 Nd5 19. Ng5 Rf8 20. Nxh7 Kxh7 21. Nxg6 fxg6 22. Qxg6+ Kg8 23. Qh7+ Kf7 24. Bg6+ Kf6 25. e4 Qb4 26. Rc4 Qxc4 27. e5+ Ke7 28. Qxg7+ Kd8 29. Qxf8+ Kc7 30. Qc5 Qxa2 31. h4 Ne3 32. Re1 Nd5 33. h5 b6 34. Qd6+ Kb7 35. Rc1 Qa4 36. Be8 Qxd4+ 37. Kh1 Qxb2 38. Qxc6+ Ka6 39. Qb5+ Qxb5 40. Ra1+ Qa5 41. Rxa5+ Kxa5 42. Bf7 0-1

[Event "Nuremberg LGA Cup 2nd"]
[Site "Nuremberg"]
[Date "2005.09.09"]
[Round "2.40"]
[White "Classen, Anton"]
[Black "Seyb, Alexander"]
[Result "0-1"]
[WhiteElo "1634"]
[BlackElo "1960"]
[PlyCount "62"]
[EventDate "2005.09.08"]
[EventType "swiss"]
[EventRounds "7"]
[EventCountry "GER"]
[SourceTitle "EXT 2022"]
[Source "ChessBase"]
[SourceDate "2021.10.06"]
[SourceVersion "1"]
[SourceVersionDate "2021.10.06"]
[SourceQuality "1"]

1. e4 c5 2. f4 d5 3. exd5 Nf6 4. Nc3 Nxd5 5. Nxd5 Qxd5 6. d3 Nc6 7. Nf3 g6 8. Be2 Bg7 9. 0-0 0-0 10. Nd2 Nd4 11. Bf3 Nxf3+ 12. Qxf3 Be6 13. Qxd5 Bxd5 14. Ne4 Rac8 15. Ng3 f5 16. c3 b5 17. a3 Rfd8 18. Be3 Bb3 19. Rae1 Rxd3 20. Bc1 Kf7 21. Nh1 Bc4 22. Rf2 Bf6 23. Rfe2 a5 24. Nf2 Rd7 25. Re3 Ra8 26. g4 b4 27. axb4 cxb4 28. cxb4 axb4 29. Rh3 h5 30. gxf5 gxf5 31. Rxh5 Rg8+ 0-1